Κατάλογος Βιβλιοθηκών Mediterranean College

Διεθνής Ανταγωνιστικότητα και Βιομηχανική Στρατηγική (Record no. 3782)

MARC details
000 -LEADER
fixed length control field 01183cam a22002054a 4500
005 - ΗΜΕΡΟΜΗΝΙΑ ΚΑΙ ΩΡΑ ΤΕΛΕΥΤΑΙΑΣ ΕΝΗΜΕΡΩΣΗΣ
Πεδίο ελέγχου 20250605164125.0
008 - FIXED-LENGTH DATA ELEMENTS--GENERAL INFORMATION
Πεδίο ελέγχου σταθερού μήκους 250528s ||||||||||||||||||||||||d
035 ## - SYSTEM CONTROL NUMBER
System control number 18421
020 ## - ISBN
ISBN 9607643763
040 ## - ΠΗΓΗ ΚΑΤΑΛΟΓΟΓΡΑΦΗΣΗΣ
Φορέας πρωτότυπης καταλογογράφησης MC Athens Campus Library
Γλώσσα καταλογογράφησης Ελληνικά, Μοντέρνα (1453-)
Modifying agency MC Athens Campus Library
Κανόνες περιγραφικής καταλογογράφησης AACR2
245 1# - ΤΙΤΛΟΣ ΚΑΙ ΔΗΛΩΣΗ ΥΠΕΥΘΥΝΟΤΗΤΑΣ
Τίτλος Διεθνής Ανταγωνιστικότητα και Βιομηχανική Στρατηγική
260 ## - PUBLICATION, DISTRIBUTION, ETC.
Name of publisher, distributor, etc. Τυπωθήτω - Γιώργος Δαρδανός,
Date of publication, distribution, etc. 2002
300 ## - PHYSICAL DESCRIPTION
Extent 392
520 ## - SUMMARY, ETC.
Summary, etc. Εισαγωγή, Διεθνής Ανταγωνιστικότητα και Βιομηχανία και Βιομηχανική Στρατηγική: Θεωρία και Εμπειρία, Βιομηχανική Στρατηγική και Διεθνής Ανταγωνιστικότητα: Οριζόντιες Δράσεις και Δίκτυα και (Ενδό)Κλαδική Ανα(Διάρθρωση), Ειδικά Θέματα Βιομηχανικής Πολιτικής, Ζήτηση και Προσφορά, Βιογραφικά Συγγραφέων.
700 1# - ΠΡΟΣΘΕΤΗ ΑΝΑΓΡΑΦΗ--ΦΥΣΙΚΟ ΠΡΟΣΩΠΟ
Personal name Αντωνάκης Νίκος
9 (RLIN) 4692
700 1# - ΠΡΟΣΘΕΤΗ ΑΝΑΓΡΑΦΗ--ΦΥΣΙΚΟ ΠΡΟΣΩΠΟ
Personal name Πιτέλης Χρήστος
9 (RLIN) 4693
942 ## - ADDED ENTRY ELEMENTS (KOHA)
Koha item type Books
Holdings
Τύπος τεκμηρίου Βιβλιοθήκη Τρέχουσα τοποθεσία Barcode Αριθμός εισαγωγής Ημερομηνία απόκτησης Ταξιθετικό σύμβολο Αριθμός αντιτύπου Κατάσταση απόσυρσης Κατάσταση χαμένου Κατάσταση κατεστραμμένου Μη δανεισμός Σύνολο δανεισμών Ημερομηνία τελευταίας εμφάνισης Η τιμή ισχύει από
Books MC Athens Campus Library MC Athens Campus Library 9780000037817 3099 05/06/2025 338.9 PIT 1           05/06/2025 05/06/2025

MC Athens Campus Library
Πατησίων 94 & Κοδριγκτώνος 13, 104 34
Πελλήνης 8 & Πατησίων 107, 112 51
Τ: +30 210 8899600

MC Thessaloniki Campus Library
Ίωνος Δραγούμη 21, 54625 | Ίωνος Δραγούμη 15, 54625
Τ: +30 2310 287779 – Τ: +30 2314 440300